Music Quiz

Random Music or Song Quiz

Sound of Music Songs Quiz Stats

 Plays Quiz Updated Jan 10, 2019

     
Support Sporcle.
Go Orange.
Score 0/11 Timer 03:00
0 Plays Today
Song title % Correct
The Sound of Music
87.9%
Maria
71.7%
Do-Re-Mi
71.2%
My Favorite Things
70.5%
Sixteen Going on Seventeen
67.4%
Edelweiss
62.1%
So Long, Farewell
53.7%
Climb Ev'ry Mountain
49.4%
The Lonely Goatherd
41%
I Have Confidence
35.4%
Something Good
25.9%

From the Vault

Fill the Hex Map: NFL Teams

by Acntx

Sports 4m
It's like the country's been jammed inside a beehive.
Remove Ads.
Support Sporcle.
Get the best of Sporcle when you Go Orange. This ad-free experience offers more features, more stats, and more fun while also helping to support Sporcle. Thank you for becoming a member.

Show Comments

Extras

Top Quizzes Today


Score Distribution

Your Account Isn't Verified!

In order to create a playlist on Sporcle, you need to verify the email address you used during registration. Go to your Sporcle Settings to finish the process.

Report this User

Report this user for behavior that violates our Community Guidelines.

Details: